000 01298nam0a22002771 4500
001 rc\101222
005 20221227104002.0
035 _a(NLR Aleph) 005364324
090 _a6931872
_c6931872
100 _a20021216d1992 u |0rusy50 ca
101 0 _arus
102 _aRU
105 _aa |||||||||
200 1 _aСтроительство лесовозных автомобильных дорог
_eУчеб. пособие
_e[Для студентов спец. 26.01 "Лесоинженер. дело"]
_fВ.К. Курьянов, В.Н. Макеев, В.В. Черников
_gМ-во науки, высш. шк. и техн. политики Рос. Федерации, Ком. по высш. шк., Воронеж. лесотехн. ин-т
210 _aВоронеж
_cВЛТИ
_d1992
215 _a75 с.
_cил.
_d20
320 _aБиблиогр.: с. 73-74
700 1 _aКурьянов
_bВ. К.
_gВиктор Кузьмич
701 1 _aМакеев
_bВ. Н.
_cканд. техн. наук
_f1938-2020
_gВиктор Николаевич
_3RU\NLR\AUTH\770250644
_4070
701 1 _aЧерников
_bВ. В.
_gВиктор Владимирович
801 0 _aRU
_bNLR
_gpsbo
801 1 _aRU
_bELAR
_2rusmarc
852 _aNLR
_j92-4/10240
942 _cBOOK
980 _aNB